000 00260nam a22000857a 4500
999 _c24003
_d24003
003 Nust
005 20170412125813.0
008 140430b xxu||||| |||| 00| 0 eng d
020 _cAvailable
_a0070595011
040 _aDLC
_bDLC
_cRCMS
082 _22nd,ed.
_a621.3821 GAR
245 _aCommunication Networks .
_cGarcia, Alberto Leon
_bFundamental Concepts And Key Architectures
260 _aNew Delhi
_bTata McGraw-Hill
_cc2004
300 _axvi,900, p:
_bill:
_c25,cm.
538 _iShelf # 15, Row # 3, Communication.
650 _a1.Telecommunication Systems 2. Computer network architectures 3. computer networks
856 _3Table of Content Only
942 _2ddc
_cBK